Statistics for Click a Valid Former Soviet Country #1

Click here to take the quiz!

General Stats

  • This quiz has been taken 24 times
  • The average score is 29 of 36

Answer Stats

QuestionTileSelect% Correct
That Are in Central AsiaKyrgyzstanYes
100%
That Are in Central AsiaTurkmenistanYes
100%
That Are in Central AsiaUzbekistanYes
100%
That Are in Central AsiaLatviaNo
95%
That Are in Central AsiaMoldovaNo
95%
That Are in Central AsiaBelarusNo
91%
That Are Islamic MajorityBelarusNo
86%
That Are LandlockedBelarusYes
86%
That Are in Central AsiaGeorgiaNo
86%
That Are LandlockedKyrgyzstanYes
86%
That Are Islamic MajorityLatviaNo
86%
That Are LandlockedLatviaNo
86%
That Are LandlockedRussiaNo
86%
That Are Islamic MajorityRussiaNo
86%
That Border RussiaBelarusYes
82%
That Are Islamic MajorityGeorgiaNo
82%
That Are Islamic MajorityKyrgyzstanYes
82%
That Border RussiaLatviaYes
82%
That Are Islamic MajorityUzbekistanYes
82%
That Are in Central AsiaArmeniaNo
77%
That Are LandlockedMoldovaYes
77%
That Are Islamic MajorityTurkmenistanYes
77%
That Border RussiaTurkmenistanNo
77%
That Border RussiaGeorgiaYes
73%
That Are Islamic MajorityMoldovaNo
73%
That Border RussiaMoldovaNo
73%
That Are LandlockedTurkmenistanYes
73%
That Border RussiaArmeniaNo
68%
That Are LandlockedGeorgiaNo
68%
That Border RussiaKyrgyzstanNo
68%
That Are in Central AsiaRussiaNo
68%
That Are LandlockedUzbekistanYes
68%
That Border RussiaUzbekistanNo
68%
That Are LandlockedArmeniaYes
64%
That Border RussiaRussiaNo
64%
That Are Islamic MajorityArmeniaNo
55%

Score Distribution

Percentile by Number Answered

Percent of People with Each Score

Your Score History

You have not taken this quiz